शिक्षणाचे बदलते संदर्भ (Record no. 1259722)

MARC details
000 -LEADER
fixed length control field 00719nam a2200193Ia 4500
008 - FIXED-LENGTH DATA ELEMENTS--GENERAL INFORMATION
fixed length control field 151121s9999||||xx |||||||||||||| ||und||
082 ## - DEWEY DECIMAL CLASSIFICATION NUMBER
Classification number 370।1/कुलक
082 ## - DEWEY DECIMAL CLASSIFICATION NUMBER
Item number HNW-78316
100 ## - MAIN ENTRY--PERSONAL NAME
Personal name कुलकर्णी अनिल
245 ## - TITLE STATEMENT
Title शिक्षणाचे बदलते संदर्भ
260 ## - PUBLICATION, DISTRIBUTION, ETC. (IMPRINT)
Name of publisher, distributor, etc "साकेत प्रकाशन, औरंगाबाद।"
260 ## - PUBLICATION, DISTRIBUTION, ETC. (IMPRINT)
Date of publication, distribution, etc --
300 ## - PHYSICAL DESCRIPTION
Extent 140
600 ## - SUBJECT ADDED ENTRY--PERSONAL NAME
Personal name कुलकर्णी अनिल
630 ## - SUBJECT ADDED ENTRY--UNIFORM TITLE
Uniform title शिक्षणाचे बदलते संदर्भ
700 ## - ADDED ENTRY--PERSONAL NAME
Personal name कुलकर्णी अनिल
730 ## - ADDED ENTRY--UNIFORM TITLE
Uniform title शिक्षणाचे बदलते संदर्भ
942 ## - ADDED ENTRY ELEMENTS (KOHA)
Koha item type Book
Holdings
Withdrawn status Lost status Damaged status Not for loan Home library Current library Date acquired Cost, normal purchase price Total Checkouts Full call number Barcode Date last seen Cost, replacement price Price effective from Koha item type
        Hirachand Nemchand Wachanalaya, Solapur Hirachand Nemchand Wachanalaya, Solapur 11/21/2015 100.00   HNW-78316 HNW-78316 11/21/2015 100.00 11/21/2015 Book